<?xml version="1.0" encoding="UTF-8"?><?xml-stylesheet type="text/xsl" href="static/style.xsl"?><OAI-PMH xmlns="http://www.openarchives.org/OAI/2.0/" xmlns:xsi="http://www.w3.org/2001/XMLSchema-instance" xsi:schemaLocation="http://www.openarchives.org/OAI/2.0/ http://www.openarchives.org/OAI/2.0/OAI-PMH.xsd"><responseDate>2026-04-17T02:42:57Z</responseDate><request verb="GetRecord" identifier="oai:www.recercat.cat:2117/373046" metadataPrefix="marc">https://recercat.cat/oai/request</request><GetRecord><record><header><identifier>oai:recercat.cat:2117/373046</identifier><datestamp>2025-07-22T16:39:27Z</datestamp><setSpec>com_2072_1033</setSpec><setSpec>col_2072_452951</setSpec></header><metadata><record xmlns="http://www.loc.gov/MARC21/slim" xmlns:dcterms="http://purl.org/dc/terms/" xmlns:xsi="http://www.w3.org/2001/XMLSchema-instance" xmlns:doc="http://www.lyncode.com/xoai" xsi:schemaLocation="http://www.loc.gov/MARC21/slim http://www.loc.gov/standards/marcxml/schema/MARC21slim.xsd">
   <leader>00925njm 22002777a 4500</leader>
   <datafield ind2=" " ind1=" " tag="042">
      <subfield code="a">dc</subfield>
   </datafield>
   <datafield ind2=" " ind1=" " tag="720">
      <subfield code="a">Infantes López, Rafael</subfield>
      <subfield code="e">author</subfield>
   </datafield>
   <datafield ind2=" " ind1=" " tag="260">
      <subfield code="c">2022-07-11</subfield>
   </datafield>
   <datafield ind2=" " ind1=" " tag="520">
      <subfield code="a">El propósito del presente trabajo consiste en el estudio, diseño e implementación (en laboratorio) de una solución de paletizado automatizada mediante el uso de un robot industrial ABB y visión artificial. El objetivo del proyecto es desarrollar una solución con un robot industrial capaz de recoger piezas de diferentes colores de una zona delimitada, las cuales llegan en posiciones aleatorias para, posteriormente, montar un pallet de 3 niveles minimizando la cantidad de espacios libres entre piezas y garantizando la estabilidad del mismo. El trabajo a realizar se centra tanto en los factores físicos como la instalación de vacío, la definición de rutas del robot, como el desarrollo del software necesario para dotar a la aplicación de la capacidad de interactuar con el medio a través de visión artificial con una webcam de uso doméstico. A su vez, también se desarrolla el algoritmo tanto de comunicación entre herramientas como el de cálculo de las posiciones de paletizado. Para llevar a cabo el trabajo se divide el trabajo a realizar en 3 campos diferenciados: • Estudio de las diferentes tecnologías y herramientas involucradas. • Desarrollo de la aplicación a nivel de software. • Implementación de la solución en laboratorio y puesta en marcha de todo el hardware necesario. Tras la última fase descrita, se realizan diversos paletizados en laboratorio, experimentando diversos problemas a nivel de precisión debido a factores externos al proyecto, como podría ser la calidad de la cámara, el estado del robot o el sistema de vacío. Pese a dichos factores, se aplica una tolerancia de +-5mm a la aplicación y realiza el paletizado sin mayor problema, resultando en una aplicación plenamente apta para entorno industrial, ya que, en un paletizado con paquetería, una desviación de 5mm no comporta problemas de operativa. El conjunto del proyecto se finaliza con éxito, habiendo cumplido todas las metas definidas en un inicio, creando una aplicación escalable a entorno industrial. Se realiza una grabación del proceso de paletizado para exponer resultados finales. Se presentan posibles mejoras futuras a nivel de operación, mejoras que permiten desde mejorar la experiencia de usuario del operario a través de una interfaz como por otro lado, el desarrollo de herramientas útiles a nivel de ingeniería para el sistema de control y calidad de la empresa</subfield>
   </datafield>
   <datafield tag="653" ind2=" " ind1=" ">
      <subfield code="a">Àrees temàtiques de la UPC::Informàtica::Automàtica i control</subfield>
   </datafield>
   <datafield tag="653" ind2=" " ind1=" ">
      <subfield code="a">Computer vision</subfield>
   </datafield>
   <datafield tag="653" ind2=" " ind1=" ">
      <subfield code="a">Automation</subfield>
   </datafield>
   <datafield tag="653" ind2=" " ind1=" ">
      <subfield code="a">Robots, Industrial</subfield>
   </datafield>
   <datafield tag="653" ind2=" " ind1=" ">
      <subfield code="a">Visión por computador</subfield>
   </datafield>
   <datafield tag="653" ind2=" " ind1=" ">
      <subfield code="a">Proceso robotizado</subfield>
   </datafield>
   <datafield tag="653" ind2=" " ind1=" ">
      <subfield code="a">Automatización</subfield>
   </datafield>
   <datafield tag="653" ind2=" " ind1=" ">
      <subfield code="a">Visió per ordinador</subfield>
   </datafield>
   <datafield tag="653" ind2=" " ind1=" ">
      <subfield code="a">Automatització</subfield>
   </datafield>
   <datafield tag="653" ind2=" " ind1=" ">
      <subfield code="a">Robots industrials</subfield>
   </datafield>
   <datafield ind2="0" ind1="0" tag="245">
      <subfield code="a">Estudio e implementación de una aplicación robotizada de paletización adaptativa utilizando visión por computador</subfield>
   </datafield>
</record></metadata></record></GetRecord></OAI-PMH>